| 000 | 00861nam a2200229Ii 4500 | ||
|---|---|---|---|
| 003 | JO-AjNU | ||
| 008 | 230605s9999||||xx |||||||||||||| ||und|| | ||
| 017 | _a2020/6/1713 | ||
| 020 | _a978-9957-35-471-8 | ||
| 040 |
_aJO-AjNU _bara _erda _cJO-AjNU |
||
| 041 | _aara | ||
| 050 | 1 | 4 | _aDS242 2022 |
| 100 | 3 |
_aالجابري، سلام علي مزعل, _eauthor _962749 |
|
| 245 | 0 | 0 | _aالحجاز في القرن الثالث الهجري: دراسة في احواله السياسية والإدارية والاقتصادية |
| 250 | _aط1 | ||
| 264 | 3 | 1 | _aعمان: مركز الكتاب الاكاديمي، 2022 |
| 300 | _a206ص | ||
| 336 |
_atext _btxt _2rdacontent |
||
| 337 |
_aunmediated _bn _2rdamedia |
||
| 338 |
_avolume _bnc _2rdacarrier |
||
| 650 | 4 |
_aالدولة الحجازية-القرن الثالث الهجري-الأحوال _962750 |
|
| 999 |
_aA28429 _c31997 _d31997 |
||